Proposed U.S. States - Sudden Death - Statistics

General Stats
  • This quiz has been taken 24 times
  • The average score is 4 of 18
Answers on the Grid
Answers color-coded by a green-red scale on the quiz's grid according to % correct below.
Baja California
Cuba
The Bahamas
Vancouver
Chippewa
Forgottonia
Eastylvania
Indian Stream
Victoria
Chicagoland
Cascadia
Los Angeles
Long Island
Sonora
Alberta
Baja Arizona
North Texas
South Texas
Muskogee
North Georgia
New Brunswick
Multnomah
Pickajack
Greater Tennessee
Seward
McDonald
Navajo
Houston
Windsor
Absaroka
Little Egypt
Coahuila
 
Answer Stats
Answer % Correct
Cuba
69%
Baja California
44%
Long Island
31%
Baja Arizona
25%
North Texas
25%
Chicagoland
19%
Indian Stream
19%
Navajo
19%
Absaroka
13%
Cascadia
13%
Chippewa
13%
Forgottonia
13%
Little Egypt
13%
Multnomah
13%
McDonald
6%
Muskogee
6%
Seward
6%
Sonora
6%
No matching quizzes found
Score Distribution
Percent of People with Each Score
Percentile by Number Answered
Your Score History
You have not taken this quiz